00644nam a2200205Ia 450000500170000000800410001702000240005804000190008204100120010108200170011310000190013024500770014926000440022630000160027050400500028663000310033665000180036765100430038585000100042820240206101253.0131103s9999 xx 000 0 und d a8125907971cRs. 350 aLoreto College aEnglish a342.954bSIN aSinha, Archana 4aThe Crisis of a hung parliament the role of the presidentcArchana Sinha aNew DelhibVikas Publishing Housec1999 axxi,202 p.  aIncludes bibliographical references and index aIndia - Constitutional Law aConstitution  aConstitutional and Administrative Law  aLCLIB